[Event "29th Czech Open A 2018"]
[Site "Pardubice CZE"]
[Date "2018.07.25"]
[Round "6.62"]
[White "Skliarov, Viktor"]
[Black "Phadke, Sohan"]
[Result "1-0"]
[WhiteTitle "IM"]
[BlackTitle "FM"]
[WhiteElo "2357"]
[BlackElo "2249"]
[WhiteFideId "14106736"]
[BlackFideId "5016223"]
[EventDate "2018.07.20"]

1. e4 c5 2. Nf3 Nc6 3. Bb5 e6 4. Bxc6 bxc6 5. d3 d5 6. e5 Ne7 7. O-O Ng6 8. c4
f6 9. Qe2 Be7 10. Nc3 O-O 11. Na4 fxe5 12. Nxe5 Nxe5 13. Qxe5 Bd6 14. Qg5 Qe8
15. Be3 Rf5 16. Qg4 d4 17. Bd2 Rh5 18. f4 e5 19. Qg3 Rh6 20. fxe5 Rg6 21. Qh4
Be7 22. Qe4 Bh3 23. Rf2 Rg4 24. Qf3 Qh5 25. Kh1 Rf8 26. Qxh3 Qxh3 27. Rxf8+ 1-0

[Event "29th Czech Open A 2018"]
[Site "Pardubice CZE"]
[Date "2018.07.25"]
[Round "6.63"]
[White "Pacher, Milan"]
[Black "Karthick, Narayanan S"]
[Result "1-0"]
[WhiteTitle "GM"]
[WhiteElo "2467"]
[BlackElo "1919"]
[WhiteFideId "14907445"]
[BlackFideId "25045288"]
[EventDate "2018.07.20"]

1. d4 Nf6 2. c4 c5 3. Nf3 cxd4 4. Nxd4 e5 5. Nb5 d6 6. g3 a6 7. N5c3 Qc7 8. Bg2
Qxc4 9. Bg5 Nbd7 10. Nd2 Qg4 11. h4 h6 12. Bh3 Qb4 13. a3 Qa5 14. Bxd7+ Nxd7 15.
Nc4 Qc7 16. Nd5 Qxc4 17. Rc1 Qxd5 18. Qxd5 hxg5 19. hxg5 Nb6 20. Qg2 Rxh1+ 21.
Qxh1 d5 22. g6 Be6 23. Qh5 Nd7 24. Rc7 Kd8 25. Rxb7 Kc8 26. Rb3 d4 27. Qh1 Ra7
28. Qc6+ Kd8 29. Rb7 Rxb7 30. Qxb7 f6 31. Qxa6 Bf5 32. Qa8+ Kc7 33. b4 Bxg6 34.
b5 Bc5 35. a4 e4 36. a5 d3 37. Qc6+ Kd8 38. a6 e3 39. fxe3 Bb4+ 40. Kf2 d2 41.
Qd5 Be4 42. Qd4 Bc3 43. Qd6 Bb4 44. Qxb4 d1=Q 45. Qxe4 f5 46. Qa8+ Ke7 47. Qb7
Ke6 48. a7 Ne5 49. Qb6+ Kf7 50. Qc7+ Kf6 51. Qxe5+ Kxe5 52. a8=Q Qb3 53. Qe8+
Kf6 54. Qc6+ Qe6 55. Kf3 g5 56. e4 fxe4+ 57. Ke3 1-0

[Event "29th Czech Open A 2018"]
[Site "Pardubice CZE"]
[Date "2018.07.25"]
[Round "6.64"]
[White "Meleshko, Vladimir"]
[Black "Jansa, Vlastimil"]
[Result "1/2-1/2"]
[WhiteTitle "FM"]
[BlackTitle "GM"]
[WhiteElo "2268"]
[BlackElo "2451"]
[WhiteFideId "14111055"]
[BlackFideId "300128"]
[EventDate "2018.07.20"]

1. e4 c5 2. Nf3 Nc6 3. Nc3 e6 4. d4 cxd4 5. Nxd4 a6 6. Qd3 Qc7 7. Nxc6 bxc6 8.
Qg3 Qxg3 9. hxg3 d6 10. g4 Ne7 11. Be3 c5 12. O-O-O Nc6 13. f3 Bb7 14. Na4 Be7
15. Nb6 Rd8 16. Be2 Ne5 17. Bf4 Ng6 18. Be3 O-O 19. Rd3 d5 20. Ra3 c4 21. Ra4
Rfe8 22. Rd1 Bd6 23. b3 Bf4 24. Bxf4 Nxf4 25. Bf1 cxb3 26. axb3 dxe4 27. fxe4 g5
28. g3 Ng6 29. Bxa6 Bxa6 30. Rxa6 Ne5 31. Ra5 f6 32. c4 Nxg4 33. Nd7 Ra8 34.
Rxa8 Rxa8 35. Kb2 Kf7 36. c5 Nf2 37. Rd4 h5 38. e5 fxe5 39. Nxe5+ Kf6 40. Nd7+
Kf5 41. Nb6 Ra7 42. b4 Rc7 43. Rc4 h4 44. gxh4 g4 45. Kb3 g3 46. Rc1 Nd3 47. Rc2
Rg7 48. c6 g2 49. Rxg2 Rxg2 50. c7 Rg8 51. b5 e5 52. Kc4 Nf4 53. Nd5 Ke6 54. Nb6
e4 55. c8=Q+ Rxc8+ 56. Nxc8 e3 57. Kc3 Kd5 58. b6 Kc6 59. h5 1/2-1/2

[Event "29th Czech Open A 2018"]
[Site "Pardubice CZE"]
[Date "2018.07.25"]
[Round "6.65"]
[White "Elgersma, Simon"]
[Black "Haba, Petr"]
[Result "0-1"]
[BlackTitle "GM"]
[WhiteElo "2263"]
[BlackElo "2445"]
[WhiteFideId "1046101"]
[BlackFideId "300160"]
[EventDate "2018.07.20"]

1. e4 e6 2. d4 d5 3. Nc3 Bb4 4. e5 c5 5. a3 Bxc3+ 6. bxc3 Qc7 7. Qg4 f6 8. Bb5+
Kf8 9. Nf3 Qa5 10. Rb1 a6 11. Bd3 c4 12. Be2 Qxc3+ 13. Bd2 Qxc2 14. Rc1 Qg6 15.
Qh3 Nc6 16. O-O f5 17. Ne1 Qf7 18. Nc2 h6 19. f4 Nge7 20. Rb1 Kg8 21. Rb6 Kh7
22. Rfb1 Rd8 23. Qc3 Rd7 24. Ne3 Rc7 25. Bc1 Nd8 26. Qa5 Nec6 27. Qc3 Bd7 28.
Bd1 Na7 29. a4 Nc8 30. R6b2 b5 31. Ra2 bxa4 32. Ba3 Raa7 33. Bb4 Rcb7 34. Rba1
Ra8 35. Bxa4 Bxa4 36. Rxa4 Nc6 37. Bc5 a5 38. R4a2 Rab8 39. h3 Rb3 40. Qe1 Qb7
41. g4 Rb1 42. Rxb1 Qxb1 43. Qxb1 Rxb1+ 44. Kf2 g6 45. h4 h5 46. gxf5 gxf5 47.
Kf3 Nb6 48. Rg2 Nd7 49. Rg5 Kh6 50. Rg8 Rb8 51. Rg2 Nxc5 52. dxc5 Nd4+ 0-1

[Event "29th Czech Open A 2018"]
[Site "Pardubice CZE"]
[Date "2018.07.25"]
[Round "6.66"]
[White "Mahalakshmi, M"]
[Black "Lodici, Lorenzo"]
[Result "0-1"]
[WhiteTitle "WIM"]
[BlackTitle "IM"]
[WhiteElo "2238"]
[BlackElo "2441"]
[WhiteFideId "5001080"]
[BlackFideId "884189"]
[EventDate "2018.07.20"]

1. d4 Nf6 2. Bf4 e6 3. e3 d5 4. Nd2 c5 5. c3 Nc6 6. Ngf3 cxd4 7. exd4 Nh5 8. Bg3
g6 9. Bd3 Nxg3 10. hxg3 Bg7 11. Nb3 Qc7 12. Qc2 b6 13. a4 Bd7 14. O-O O-O 15.
Rfe1 Rad8 16. Bb5 Rfe8 17. Qd2 f6 18. Rad1 Bc8 19. Qc1 a6 20. Bf1 Kh8 21. c4 Nb4
22. c5 bxc5 23. Nxc5 e5 24. Qc3 Qb8 25. a5 Bg4 26. Be2 Rc8 27. Qd2 e4 28. Nh2
Bxe2 29. Qxe2 f5 30. Nf1 Nc6 31. Nxa6 Qa7 32. Ne3 Nxd4 33. Qf1 Red8 34. b4 g5
35. b5 f4 36. gxf4 gxf4 37. Ng4 Qd7 38. f3 exf3 39. gxf3 Nxb5 40. Nb4 Nc3 41.
Rd2 Qa7+ 42. Kh1 Qxa5 43. Rh2 Ne4 44. fxe4 Qxb4 45. e5 Rc3 46. Qf2 Rg3 47. Nf6
h6 48. Nh5 Rg4 49. Rh4 f3 50. Rh2 Re8 51. Nxg7 Kxg7 52. Qe3 Qf4 53. Qa7+ Kh8 54.
Qd7 Reg8 55. Qe6 Qxh2+ 56. Kxh2 Rh4+ 57. Qh3 Rg2+ 0-1

[Event "29th Czech Open A 2018"]
[Site "Pardubice CZE"]
[Date "2018.07.25"]
[Round "6.67"]
[White "Varitski, Igor"]
[Black "Haria, Ravi"]
[Result "0-1"]
[WhiteTitle "IM"]
[BlackTitle "IM"]
[WhiteElo "2235"]
[BlackElo "2440"]
[WhiteFideId "14102862"]
[BlackFideId "415820"]
[EventDate "2018.07.20"]

1. e4 e6 2. d4 d5 3. exd5 exd5 4. Bd3 Nc6 5. c3 Bd6 6. Qf3 Nf6 7. h3 Be6 8. Ne2
Qd7 9. Bf4 Be7 10. Nd2 O-O-O 11. O-O-O h6 12. Be5 Nxe5 13. dxe5 Ne8 14. Nd4 Kb8
15. Kb1 c6 16. Qe2 g5 17. g4 Ng7 18. Qf3 Qc7 19. Rhe1 h5 20. Nf5 hxg4 21. hxg4
Bxf5 22. gxf5 f6 23. exf6 Bxf6 24. Nb3 Qb6 25. Bc2 Rh4 26. Nd4 Rdh8 27. Qg3+ Qc7
28. Ne6 Qxg3 29. fxg3 Rh2 30. Nxg7 Bxg7 31. Re6 Rf2 32. Rde1 Rhh2 33. Re8+ Kc7
34. R8e7+ Kb6 35. Rxg7 Rxc2 36. Ka1 Rxb2 37. Rb1 Rxb1+ 38. Kxb1 Rf2 39. g4 Kc5
40. Rxb7 Kc4 41. Rxa7 Kxc3 42. Ra3+ Kb4 43. Rb3+ Kc4 44. Rb6 c5 45. a4 d4 46. a5
d3 47. Rd6 Kc3 48. a6 Rf4 49. f6 d2 50. Rd5 Rxf6 0-1

[Event "29th Czech Open A 2018"]
[Site "Pardubice CZE"]
[Date "2018.07.25"]
[Round "6.68"]
[White "Tomczak, Mikolaj"]
[Black "Krak, Tomas"]
[Result "1-0"]
[WhiteTitle "FM"]
[BlackTitle "FM"]
[WhiteElo "2432"]
[BlackElo "2268"]
[WhiteFideId "1175114"]
[BlackFideId "14903750"]
[EventDate "2018.07.20"]

1. e4 c5 2. Nc3 Nc6 3. Bb5 e6 4. Bxc6 bxc6 5. d3 Ne7 6. f4 Ng6 7. Nf3 Be7 8. O-O
Qc7 9. f5 Ne5 10. Kh1 Nxf3 11. Qxf3 O-O 12. Qh5 exf5 13. exf5 d5 14. Bf4 Qd8 15.
Rae1 g6 16. Qe2 Bh4 17. g3 Bg5 18. Bxg5 Qxg5 19. g4 Ba6 20. Na4 c4 21. Nc5 cxd3
22. cxd3 Bc8 23. d4 Rb8 24. a3 a5 25. b3 Rb6 26. Rf2 Qh4 27. Rg1 Ba6 28. Qe3 a4
29. b4 Bc8 30. Rf3 Rb8 31. Rh3 Qf6 32. Qh6 Qg7 33. Qf4 Rb5 34. f6 Qh8 35. Qd6 h5
36. Rh4 Rxc5 37. bxc5 Qh7 38. Rxh5 Bxg4 39. Qxf8+ 1-0

[Event "29th Czech Open A 2018"]
[Site "Pardubice CZE"]
[Date "2018.07.25"]
[Round "6.69"]
[White "Bakalchuk, Johnatan"]
[Black "Maltsevskaya, Aleksandra"]
[Result "1-0"]
[WhiteTitle "IM"]
[WhiteElo "2429"]
[BlackElo "2261"]
[WhiteFideId "2810301"]
[BlackFideId "24174041"]
[EventDate "2018.07.20"]

1. e4 c6 2. d4 d5 3. Nc3 dxe4 4. Nxe4 Bf5 5. Qf3 e6 6. Ne2 Bxe4 7. Qxe4 Nf6 8.
Qd3 Nbd7 9. g3 Qa5+ 10. Bd2 Qb6 11. Bg2 Qxb2 12. O-O Qa3 13. Nc3 Be7 14. Rab1
Nb6 15. Rb3 Qd6 16. a4 O-O 17. a5 Nbd5 18. Rxb7 Rfb8 19. a6 Rxb7 20. axb7 Rb8
21. Nxd5 Nxd5 22. Rb1 Qd7 23. Bxd5 cxd5 24. Qa6 Bd6 25. Qxa7 h5 26. Rb6 Bc7 27.
h4 Kh7 28. Rb3 Qc6 29. Qc5 Qd7 30. Qb5 Qxb5 31. Rxb5 Bd6 32. Bb4 Bxb4 33. Rxb4
Kg6 34. Kg2 Kf6 35. Kf3 Kf5 36. Rb5 e5 37. Rxd5 Rxb7 38. Rxe5+ Kf6 39. Rxh5 Rb1
40. c4 Rc1 41. Rc5 Rc2 42. Rc6+ Ke7 43. d5 Kd7 44. h5 f6 45. g4 Rc3+ 46. Kf4 Rc2
47. Kf5 Rxf2+ 48. Kg6 Rg2 49. Kxg7 f5 50. h6 Rxg4+ 51. Rg6 1-0

[Event "29th Czech Open A 2018"]
[Site "Pardubice CZE"]
[Date "2018.07.25"]
[Round "6.70"]
[White "Gorbatov, Alexej"]
[Black "Tsvetkov, Andrey"]
[Result "1/2-1/2"]
[WhiteTitle "IM"]
[BlackTitle "CM"]
[WhiteElo "2409"]
[BlackElo "2259"]
[WhiteFideId "4111834"]
[BlackFideId "34139360"]
[EventDate "2018.07.20"]

1. e4 c5 2. b3 g6 3. Bb2 Nf6 4. g3 Bg7 5. Bg2 d6 6. Ne2 O-O 7. O-O Nc6 8. h3 Bd7
9. c3 e5 10. d4 cxd4 11. cxd4 exd4 12. Nxd4 Re8 13. Nd2 Nxd4 14. Bxd4 Bc6 15.
Re1 Qd7 16. Rc1 Rac8 17. Rc2 b5 18. Qa1 Nh5 19. Bxg7 Nxg7 20. Rec1 Bb7 21. Qd4
Rxc2 22. Rxc2 Rc8 23. Rxc8+ Bxc8 24. b4 Ne6 25. Qe3 Qc7 26. Nb3 a6 27. h4 h5 28.
Kh2 Nf8 29. Nd4 Nd7 30. Bf1 Ne5 31. Kg1 Bb7 32. Be2 d5 33. exd5 Bxd5 34. Nb3 Ba8
35. f3 Nxf3+ 36. Kf2 Ne5 37. Nc5 Qd6 38. Nxa6 Qf6+ 39. Qf4 Ng4+ 40. Bxg4 Qxf4+
41. gxf4 hxg4 42. Nc5 Bc6 1/2-1/2

[Event "29th Czech Open A 2018"]
[Site "Pardubice CZE"]
[Date "2018.07.25"]
[Round "6.71"]
[White "Kratochvil, Vit1"]
[Black "Popov, Mikhail"]
[Result "1/2-1/2"]
[BlackTitle "FM"]
[WhiteElo "2233"]
[BlackElo "2404"]
[WhiteFideId "333808"]
[BlackFideId "4146182"]
[EventDate "2018.07.20"]

1. e4 g6 2. d4 Bg7 3. Nc3 d6 4. Be3 a6 5. a4 Nf6 6. h3 O-O 7. f4 e5 8. dxe5 dxe5
9. Nf3 exf4 10. Qxd8 Rxd8 11. Bxf4 Re8 12. Bd3 c6 13. O-O Nbd7 14. Bd6 h6 15.
Rae1 Nf8 16. e5 Nd5 17. Nxd5 cxd5 18. c3 Bd7 19. a5 Rac8 20. Nd4 Ne6 21. Re2 h5
22. Ref2 Nd8 23. Re2 Nc6 24. Nxc6 Rxc6 25. Ref2 Be6 26. Bc2 Rc4 27. Bb3 Re4 28.
Bc2 Re3 29. Bc5 Rg3 30. Bd4 Bh6 31. Kh2 h4 32. Re2 Bd7 33. Ref2 Bb5 34. Rd1 Bg7
35. Bb3 Bc6 36. Rf4 Bxe5 37. Bxe5 Rxe5 38. Rxh4 Reg5 39. Rg4 R3xg4 40. hxg4 Re5
41. Rd2 Kf8 42. Kg3 Ke7 43. Kf2 Kf6 44. Rd4 Kg5 45. Bc2 Bb5 46. Bd1 Kf6 47. b3
Ke6 48. Bf3 Bc6 49. Be2 Ke7 50. Bf3 Ke6 1/2-1/2

[Event "29th Czech Open A 2018"]
[Site "Pardubice CZE"]
[Date "2018.07.25"]
[Round "6.72"]
[White "Frolov, Artur"]
[Black "Perov, German"]
[Result "1-0"]
[WhiteTitle "IM"]
[WhiteElo "2393"]
[BlackElo "2256"]
[WhiteFideId "14100134"]
[BlackFideId "44111410"]
[EventDate "2018.07.20"]

1. d4 Nf6 2. Nf3 e6 3. g3 d5 4. Bg2 Be7 5. c4 O-O 6. Nc3 dxc4 7. O-O Nc6 8. e3
a6 9. Nd2 Na5 10. Qa4 c5 11. dxc5 Bxc5 12. Nxc4 Nxc4 13. Qxc4 Qe7 14. Na4 Ba7
15. Bd2 Nd5 16. Nc3 Rd8 17. Nxd5 exd5 18. Bxd5 Be6 19. Bxe6 Rxd2 20. Bc8 b5 21.
Qc3 Qd6 22. Rac1 h5 23. Rc2 Rxc2 24. Qxc2 h4 25. Rd1 Qe7 26. Rd7 Qe8 27. Rc7 Qe5
28. Qc6 hxg3 29. hxg3 Bxe3 30. Qxa8 Qxg3+ 31. Kh1 Qh4+ 32. Bh3+ Kh7 33. Qf3 Bxf2
34. Qf5+ Kh6 35. Rc8 1-0

[Event "29th Czech Open A 2018"]
[Site "Pardubice CZE"]
[Date "2018.07.25"]
[Round "6.73"]
[White "Jedlicka, Ales"]
[Black "Pulpan, Jakub"]
[Result "0-1"]
[WhiteTitle "FM"]
[BlackTitle "IM"]
[WhiteElo "2221"]
[BlackElo "2386"]
[WhiteFideId "304824"]
[BlackFideId "302759"]
[EventDate "2018.07.20"]

1. d4 Nf6 2. c4 e6 3. Nf3 d5 4. Nc3 c5 5. cxd5 Nxd5 6. e4 Nxc3 7. bxc3 cxd4 8.
cxd4 Bb4+ 9. Bd2 Bxd2+ 10. Qxd2 O-O 11. Bc4 Nd7 12. O-O b6 13. Rfe1 Bb7 14. Rad1
Rc8 15. Bd3 h6 16. Qf4 Qf6 17. Qg4 Rfd8 18. Re3 e5 19. d5 Rc3 20. Bb5 Rxe3 21.
fxe3 Nc5 22. Rf1 a6 23. Bc4 b5 24. Bb3 Bc8 25. Qh5 Nxb3 26. axb3 Qb6 27. Nxe5
Qxe3+ 28. Kh1 Qxe4 29. Qxf7+ Kh7 30. Nc6 Rxd5 31. Ne7 Be6 32. Qf2 Re5 33. Kg1
Bd7 34. Ng8 Bc6 35. Nxh6 Kxh6 0-1

[Event "29th Czech Open A 2018"]
[Site "Pardubice CZE"]
[Date "2018.07.25"]
[Round "6.74"]
[White "Stepan, Patrik"]
[Black "Khaetsky, Roman"]
[Result "1-0"]
[BlackTitle "IM"]
[WhiteElo "2217"]
[BlackElo "2381"]
[WhiteFideId "358444"]
[BlackFideId "14106221"]
[EventDate "2018.07.20"]

1. d4 f5 2. g3 Nf6 3. Bg2 g6 4. Nh3 d6 5. d5 c6 6. Nf4 cxd5 7. Nxd5 Nxd5 8. Qxd5
Bg7 9. Nc3 Nc6 10. Qd1 e6 11. e4 O-O 12. O-O fxe4 13. Nxe4 d5 14. Ng5 Qf6 15. f4
Bd7 16. c3 Rad8 17. Be3 Bc8 18. Nf3 Qe7 19. Re1 b6 20. Bd4 Nxd4 21. cxd4 Bd7 22.
Qd2 Rc8 23. Rac1 a5 24. Bh3 Rxc1 25. Rxc1 Qd6 26. Qe3 Re8 27. a3 Bf6 28. Ne5 Kg7
29. Ng4 Bd8 30. Qe5+ Qxe5 31. Nxe5 Bb5 32. Rc8 Kf6 33. Bf1 Ba4 34. b3 Be7 35.
Rc3 1-0

[Event "29th Czech Open A 2018"]
[Site "Pardubice CZE"]
[Date "2018.07.25"]
[Round "6.75"]
[White "Hoefelsauer, Thomas"]
[Black "Humburg, Philipp"]
[Result "1/2-1/2"]
[WhiteTitle "FM"]
[WhiteElo "2361"]
[BlackElo "2225"]
[WhiteFideId "24668842"]
[BlackFideId "24656151"]
[EventDate "2018.07.20"]

1. d4 d5 2. Bf4 e6 3. e3 Bd6 4. Nf3 Nf6 5. c3 c5 6. Bg3 Qc7 7. Nbd2 Nbd7 8. Bd3
O-O 9. Bxd6 Qxd6 10. O-O e5 11. dxe5 Nxe5 12. Nxe5 Qxe5 13. Nf3 Qe7 14. Qa4 Bg4
15. Qf4 Bxf3 16. Qxf3 Rad8 17. Rfd1 b6 18. Bc2 Rd6 19. h3 Qe5 20. Qf5 Qxf5 21.
Bxf5 Rfd8 22. Rd3 h5 23. h4 g6 24. Bh3 Kf8 25. Rad1 Ke7 26. f3 Ng8 27. Kf2 f5
28. g3 Nh6 29. Bf1 Nf7 30. R3d2 Ne5 31. Be2 Ke6 32. f4 Ng4+ 33. Bxg4 hxg4 34.
Rh1 Rh8 35. Ke1 Kd7 36. Re2 Kc6 37. Kd2 Re6 38. Kd3 1/2-1/2

[Event "29th Czech Open A 2018"]
[Site "Pardubice CZE"]
[Date "2018.07.25"]
[Round "6.76"]
[White "Flick, Antoine"]
[Black "Kearns, Christopher"]
[Result "1/2-1/2"]
[WhiteTitle "FM"]
[WhiteElo "2348"]
[BlackElo "2221"]
[WhiteFideId "26025736"]
[BlackFideId "24642118"]
[EventDate "2018.07.20"]

1. d4 d5 2. c4 Nc6 3. Nf3 Bg4 4. e3 e5 5. dxe5 dxc4 6. Qxd8+ Rxd8 7. Bxc4 Nxe5
8. Be2 Nd3+ 9. Bxd3 Rxd3 10. Bd2 Rd8 11. Nc3 Nf6 12. h3 Bf5 13. Nd4 Bg6 14.
O-O-O Bc5 15. Nb3 Bb6 16. Na4 Ne4 17. Be1 O-O 18. Nxb6 cxb6 19. Rxd8 Rxd8 20. f3
Nc5 21. Nxc5 bxc5 22. e4 f6 23. Kc2 Bf7 24. a3 b6 25. Bc3 Bc4 26. b3 Be6 27. Re1
Kf7 28. Re2 h5 29. h4 Rd7 30. Re1 Rd8 31. Rg1 Bc8 32. Rf1 Ba6 33. Re1 Bc8 34.
Bd2 Be6 35. Re3 a5 36. Bc3 Ke7 37. Re1 Kf7 38. Re3 1/2-1/2

[Event "29th Czech Open A 2018"]
[Site "Pardubice CZE"]
[Date "2018.07.25"]
[Round "6.77"]
[White "Krykun, Yuriy"]
[Black "Bente, Bjoern"]
[Result "1/2-1/2"]
[WhiteTitle "FM"]
[BlackTitle "FM"]
[WhiteElo "2345"]
[BlackElo "2219"]
[WhiteFideId "14140667"]
[BlackFideId "4638611"]
[EventDate "2018.07.20"]

1. Nf3 Nf6 2. c4 e6 3. g3 d5 4. d4 dxc4 5. Bg2 a6 6. O-O Nc6 7. e3 Bd7 8. Qe2
Bd6 9. Qxc4 O-O 10. Rd1 Rb8 11. Nbd2 Qe7 12. Qe2 e5 13. dxe5 Nxe5 14. Nxe5 Bxe5
15. Nc4 Ba4 16. Re1 Rfd8 17. Nxe5 Qxe5 18. e4 Bb5 19. Qe3 Ng4 20. Qf4 Qh5 21. h3
Nf6 22. Qg5 Rd1 23. Be3 Rxa1 24. Rxa1 Qxg5 25. Bxg5 Re8 26. f3 Nd7 27. Rc1 Bc6
28. Bd2 Ne5 29. Bc3 f6 30. Rd1 Re7 31. Kf2 Rd7 32. Rxd7 Bxd7 33. f4 Nc6 34. Ke3
Be6 35. a3 Kf7 36. Bf1 Bb3 37. Bd3 Ke6 38. h4 h6 39. Be2 Ke7 40. Bg4 a5 41. Bf3
b6 42. e5 Na7 43. exf6+ gxf6 44. g4 Nb5 45. Bd2 c5 46. f5 Nd4 47. Bg2 h5 48.
gxh5 Nxf5+ 49. Kf4 Bc2 50. Bh3 Nd4 51. Bg4 Ne6+ 52. Kg3 Nd4 53. h6 Kf7 54. Bf4
b5 55. Bc7 Nf5+ 56. Kf2 Kg6 57. Bxa5 Nxh4 58. Bd7 b4 59. axb4 cxb4 60. Bxb4 Kxh6
61. Bd2+ Kg7 62. b4 Nf5 63. b5 Nd6 64. b6 Be4 65. Bb4 Nc4 66. Bc5 Nxb6 67. Bxb6
Kf7 68. Bc5 Bc2 69. Ke3 Bb3 70. Bd6 Ba2 71. Kd4 Bb3 72. Kc5 Ba2 73. Bf5 Bb3 74.
Kc6 Bc4 75. Bf4 Ke7 76. Bd2 Be6 77. Bc2 Bc4 78. Kc5 Ba2 79. Be4 Be6 80. Bb4 Bb3
81. Bf5 Be6 82. Kc6+ Kf7 83. Bd3 Bb3 84. Kd6 Ba2 85. Bc3 Bb3 86. Be2 Bc2 87.
Bc4+ Kg6 88. Ke6 f5 89. Bd2 Bb1 90. Ke5 Bc2 91. Bb5 Kf7 92. Bg5 Bb1 93. Bf6 Bc2
94. Bc4+ Kg6 95. Bd8 Bb1 96. Bb5 Kf7 97. Bg5 Kg6 98. Bf4 Kf7 99. Bc4+ Kg6 100.
Ke6 Bc2 101. Ke7 Kh5 102. Kf6 Kg4 103. Ke5 Kf3 104. Bd5+ Be4 105. Bb3 Kg4 106.
Bd1+ Bf3 107. Bc2 Be4 108. Bxe4 fxe4 109. Kxe4 1/2-1/2

[Event "29th Czech Open A 2018"]
[Site "Pardubice CZE"]
[Date "2018.07.25"]
[Round "6.78"]
[White "Ralis, Petr"]
[Black "Chovan, Milan"]
[Result "1/2-1/2"]
[BlackTitle "FM"]
[WhiteElo "2199"]
[BlackElo "2331"]
[WhiteFideId "300870"]
[BlackFideId "14933691"]
[EventDate "2018.07.20"]

1. e4 e5 2. f4 exf4 3. Nf3 g5 4. h4 g4 5. Ne5 Qe7 6. Nxg4 f5 7. Nf2 fxe4 8. Qh5+
Kd8 9. Nc3 Nf6 10. Qg5 Rg8 11. Qxf4 d5 12. b3 c6 13. h5 Qd6 14. Qxd6+ Bxd6 15.
Bb2 Ng4 16. Ne2 Kc7 17. c4 Na6 18. Nh3 Nb4 19. Nd4 Ne5 20. Nf4 Ned3+ 21. Nxd3
exd3 22. O-O-O Bg4 23. Nf3 dxc4 24. bxc4 Nxa2+ 25. Kb1 Nb4 26. Bc3 a5 27. Bxb4
axb4 28. Bxd3 Bxf3 29. gxf3 Be5 30. Bxh7 Rgd8 1/2-1/2

[Event "29th Czech Open A 2018"]
[Site "Pardubice CZE"]
[Date "2018.07.25"]
[Round "6.79"]
[White "Michenka, Jozef"]
[Black "Semjonovs, Ilja"]
[Result "1-0"]
[WhiteTitle "IM"]
[WhiteElo "2329"]
[BlackElo "2219"]
[WhiteFideId "301175"]
[BlackFideId "11604263"]
[EventDate "2018.07.20"]

1. Nf3 Nf6 2. c4 c5 3. Nc3 Nc6 4. d4 cxd4 5. Nxd4 e6 6. e3 d6 7. Be2 Be7 8. O-O
O-O 9. b3 a6 10. Bb2 Bd7 11. Qd2 Rc8 12. Rfd1 Qc7 13. Rac1 Qb8 14. a4 Rfd8 15.
Ba3 b6 16. Qb2 Na7 17. Qb1 g6 18. h3 Bf8 19. b4 e5 20. Nf3 b5 21. cxb5 axb5 22.
a5 Be6 23. Ng5 Bc4 24. Bxc4 Rxc4 25. Nd5 Nxd5 26. Rxd5 Rxc1+ 27. Bxc1 Qc7 28.
Bd2 Qc4 29. Qe4 Qa2 30. Qh4 h6 31. Ne4 g5 32. Qg4 Be7 33. Nc3 Qa1+ 34. Kh2 Qf1
35. Qf5 Qc4 36. e4 Bf8 37. h4 gxh4 38. Qg4+ Kh7 39. Qh5 1-0

[Event "29th Czech Open A 2018"]
[Site "Pardubice CZE"]
[Date "2018.07.25"]
[Round "6.80"]
[White "Gheng, Josef"]
[Black "Baskakov, Egor"]
[Result "1/2-1/2"]
[WhiteTitle "FM"]
[WhiteElo "2328"]
[BlackElo "2203"]
[WhiteFideId "4618041"]
[BlackFideId "24197866"]
[EventDate "2018.07.20"]

1. e4 c5 2. Nf3 Nc6 3. c3 Nf6 4. d3 e5 5. Be2 d5 6. Nbd2 Bd6 7. O-O O-O 8. Ne1
Be6 9. Nc2 Qd7 10. c4 d4 11. Ne1 Ne8 12. g3 g6 13. Ndf3 f6 14. Ng2 Nc7 15. Nfh4
f5 16. f4 exf4 17. exf5 Bxf5 18. Nxf5 Qxf5 19. Bg4 Qf7 20. Nxf4 Rae8 21. Bh3 Qg7
22. Bd2 g5 23. Nd5 Nxd5 24. cxd5 Ne5 25. Be6+ Kh8 26. Qh5 Qg6 27. Qxg6 hxg6 28.
Kg2 Kg7 29. Bxg5 Nxd3 30. b3 Rxf1 31. Rxf1 Rf8 32. Rxf8 Kxf8 33. Bd2 Ke7 34. Bc8
b6 35. Ba6 Nb4 36. Bxb4 cxb4 37. Kf3 Kf6 38. Ke4 g5 39. Bc8 d3 40. Kxd3 Ke5 41.
Be6 Bc5 42. Ke2 Ke4 43. h4 gxh4 44. gxh4 Be7 45. h5 Bf8 46. Bf7 a5 47. Be6 b5
48. Bf7 a4 49. Bg8 a3 50. Bf7 Kd4 51. Kf3 Kc3 52. Ke4 Kb2 53. Kd3 Kxa2 54. Kc2
Ka1 55. Be8 Ka2 56. Bxb5 Ka1 57. Bd3 Ka2 58. Be4 Ka1 59. Kc1 Bh6+ 60. Kc2 Bf8 1/2-1/2

[Event "29th Czech Open A 2018"]
[Site "Pardubice CZE"]
[Date "2018.07.25"]
[Round "6.81"]
[White "Kukelko, Alexey"]
[Black "Galperin, Platon"]
[Result "1/2-1/2"]
[WhiteElo "2196"]
[BlackElo "2320"]
[WhiteFideId "14153084"]
[BlackFideId "14165414"]
[EventDate "2018.07.20"]

1. e4 c5 2. Nf3 g6 3. d4 cxd4 4. Qxd4 Nf6 5. Nc3 Nc6 6. Qa4 d6 7. e5 dxe5 8.
Nxe5 Bg7 9. Bb5 O-O 10. Nxc6 bxc6 11. Bxc6 Rb8 12. O-O Qc7 13. Re1 e5 14. Rb1 e4
15. h3 Rb6 16. Nd5 Nxd5 17. Bxd5 Bd7 18. Qc4 Qxc4 19. Bxc4 Rc8 20. Bb3 a5 21.
Rxe4 Bf5 22. Re2 Rxb3 23. axb3 Bxc2 24. Ra1 Bxb3 25. Bf4 a4 26. Rae1 Be6 27. Bd6
h6 28. Ba3 Kh7 29. Re4 Bb3 30. Re8 Rc2 31. R1e2 Rc1+ 32. Re1 Rc2 33. R1e2 Rc1+
34. Kh2 g5 35. Bd6 Bc4 36. Rd2 Be6 37. Ra8 Bb3 38. Ra5 Re1 39. f3 Re6 40. Kg3
Kg6 41. f4 Re3+ 42. Kf2 gxf4 43. Bxf4 Re4 44. Kf3 Re1 45. Ra6+ Kh7 46. Bd6 Rf1+
47. Kg3 h5 48. h4 Rb1 49. Ba3 Be5+ 50. Kf2 Bf4 51. Rd4 Be5 52. Rd2 Bf4 53. Rd4
Be5 54. Rb4 Bxb2 55. Bxb2 Rxb2+ 56. Kg3 Rd2 57. Rb5 Bd5 58. Rd6 Rxg2+ 59. Kh3
Be4 60. Rxh5+ Kg7 61. Rd4 Bc6 62. Rc5 Rg6 63. h5 Re6 64. Rc3 Kh6 65. Kg4 Be8 66.
Rcd3 f6 67. Kf5 Ra6 68. Rd6 Rxd6 69. Rxd6 Bxh5 70. Ra6 Bd1 71. Rxf6+ Kg7 72. Ra6
Bb3 73. Rxa4 Bc2+ 74. Re4 Kf7 75. Ke5 Bxe4 1/2-1/2

[Event "29th Czech Open A 2018"]
[Site "Pardubice CZE"]
[Date "2018.07.25"]
[Round "6.82"]
[White "Hrdina, Robin"]
[Black "Cerveny, Petr"]
[Result "0-1"]
[BlackTitle "FM"]
[WhiteElo "2193"]
[BlackElo "2319"]
[WhiteFideId "339342"]
[BlackFideId "322016"]
[EventDate "2018.07.20"]

1. b3 Nf6 2. Bb2 g6 3. e3 Bg7 4. d4 c5 5. Nf3 O-O 6. Be2 b6 7. O-O Bb7 8. c4 e6
9. Nbd2 Qe7 10. Qc2 Nc6 11. Rad1 Rac8 12. Qb1 Rfd8 13. Ne5 cxd4 14. exd4 d5 15.
Ndf3 dxc4 16. bxc4 Ba6 17. Nxc6 Rxc6 18. Rfe1 Rcc8 19. Qa1 Ne8 20. d5 exd5 21.
Bxg7 Nxg7 22. cxd5 Bxe2 23. Qb2 Bxf3 24. Rxe7 Bxd1 25. Qd2 Ba4 26. h3 Rd7 27.
Qb4 a5 28. Qa3 h5 29. Rxd7 Bxd7 30. Qe7 Bf5 31. Qb7 Rc1+ 32. Kh2 Rd1 33. d6 Be6
34. a3 Nf5 35. Qxb6 Rd5 36. Qb8+ Kh7 37. g4 hxg4 38. hxg4 Nxd6 39. f3 Nb5 40.
Qf8 Rd3 41. f4 Nd4 42. Qe7 Kg7 43. f5 Nf3+ 44. Kh1 Rd2 45. f6+ Kh7 46. Qf8 Rh2# 0-1